| 000 | 00496nam a2200169Ia 4500 | ||
|---|---|---|---|
| 999 |
_c92377 _d92377 |
||
| 003 | 0100 | ||
| 005 | 20190711150617.0 | ||
| 008 | 130307s9999 xx 000 0 und d | ||
| 040 | _cARRUPELIB | ||
| 050 | _aHD6339.J61 | ||
| 100 |
_aPope John Paul II _946926 |
||
| 245 | _aCentesimus Annus-A New Socio-Economic order after the collapse of Marxism | ||
| 245 | _bEncyclical letter of Pope John Paul II-The 100th Anniversary of Rerum Novarum | ||
| 260 |
_aLondon _bCatholic Truth Society _c1984 |
||
| 300 | _a48p | ||
| 650 |
_aCost and standard of living _xLongitudinal studies _zUnited States _946927 |
||
| 942 | 0 | 0 |
_01 _2lcc _cMONOGRAPH |